000 00695nam a2200289Ia 4500
005 20260324150515.0
008 008 260324s9999 xx 000 0 eng d
020 _a9780203041680
037 _aEBOOK
040 _aCRL
040 _beng
040 _cCRL
041 _2eng
041 _aeng
084 _qCRL
100 _aGeorge Unwin
_91226658
245 0 _aIndustrial Organization in the Sixteenth and Seventeenth Centuries
245 0 _bUnwin, G.
260 _bTaylor and Francis
260 _c1964
365 _a
365 _b70.99
856 _uhttp://www.taylorfrancis.com/books/9780203041680
942 _cEBOOK
999 _c1836223
_d1836223